| 000 | 01116nam a2200277 i 4500 | ||
|---|---|---|---|
| 001 | bg | ||
| 245 | 0 | 0 |
_aPrace słuchaczy seminarium doktoranckiego prowadzonego przez Centrum Europejskie Politechniki Częstochowskiej i Wydział Zarządzania Uniwersytetu Łódzkiego / _cred nauk. Piotr Bury ; Wydział Zarządzania Politechnki Częstochowskiej. Centrum Europejskie Politechniki Częstochowskiej. |
| 260 |
_aCzęstochowa : _bWydaw. WZPC, _c2001. |
||
| 300 |
_a133 s. : _bwykr. ; _c24 cm. |
||
| 490 | 1 |
_aZeszyt Naukowy ; _vnr 2 |
|
| 500 | _aTekst częściowo ang., niem. Streszcz. pol., ang. | ||
| 504 | _aBibliogr. po pracach. | ||
| 650 | 9 |
_aZarządzanie _xzagadnienia |
|
| 700 | 1 |
_aBURY, Piotr. _eRed. |
|
| 710 | 0 |
_aPolitechnika Częstochowska _bWydział Zarządzania |
|
| 710 | 0 |
_aPolitechnika Częstochowska _bCentrum Europejskie |
|
| 710 | 0 |
_aUniwersytet Łódzki _bWydział Zarządzania |
|
| 830 | _aZeszyt Naukowy ; | ||
| 020 | _a8388469908 | ||
| 040 | _cBPK | ||
| 041 | w |
_apldeen _bplen |
|
| 080 | _a65.01 | ||
| 920 | _a83-88469-90-8 | ||
| 942 | _cKS | ||
| 008 | s pl f |000 0 pol | ||
| 999 |
_c42184 _d42184 |
||
| 856 |
_uhttp://koha.tu.koszalin.pl/cgi-bin/koha/opac-detail.pl?biblionumber=42184 _yKatalog online BPK |
||